000 00544nam a2200181Ia 4500
003 GCL
008 140319s9999 xx 000 0 ara d
040 _aGCL /
_cGCL
082 0 4 _a327.12
_bع ع
100 1 _aعادل السنهورى
245 1 0 _aعملية ديفورا : قصة الاسرائيلية التى /
_cعادل السنهورى
300 _a144 ص
490 _a
650 0 4 _aالجواسيس
650 0 4 _aالجاسوسية
650 0 4 _aمصر - تاريخ - العصر الحديث (1805 - 1956 )
942 _2ddc
_cBK
999 _c43780
_d43780